[Event "IECC KO-5084"]
[Site "IECC email"]
[Date "2013.05.08"]
[Round "?"]
[White "Parsa, Nader Hariri"]
[Black "Garau, Bernard"]
[Result "0-1"]
[WhiteElo "1908"]
[BlackElo "1856"]
[PlyCount "98"]
[EventDate "2013.??.??"]
[EventType "match (corr)"]
[EventRounds "2"]
[SourceTitle "Telechess CBM 165"]
[Source "ChessBase"]
[SourceDate "2015.03.11"]
[SourceVersion "1"]
[SourceVersionDate "2015.03.11"]
[SourceQuality "1"]
[WhiteTeam "Iran"]
[BlackTeam "France"]
[WhiteTeamCountry "IRI"]
[BlackTeamCountry "FRA"]

1. d4 Nf6 2. c4 e6 3. Nf3 b6 4. g3 Ba6 5. b3 Bb7 6. Bg2 Bb4+ 7. Bd2 a5 8. 0-0 0-0 9. a3 Be7 10. Nc3 d5 11. Qc2 Na6 12. cxd5 exd5 13. Rfd1 Re8 14. Ne5 c5 15. Be3 Bf8 16. f4 Qc8 17. Bf2 cxd4 18. Bxd4 Ne4 19. Bxe4 dxe4 20. Be3 h5 21. Bxb6 e3 22. Qd3 Qh3 23. Nf3 h4 24. Nxh4 Re6 25. Bxe3 Rae8 26. Ba7 Rh6 27. Nd5 Nc5 28. Qf3 Ra6 29. Bxc5 Bxc5+ 30. Kh1 Rae6 31. Ra2 Re4 32. Rad2 Bxd5 33. Rxd5 Rxe2 34. Ng2 R8e3 35. Rh5 Rxf3 36. Rxh3 Ref2 37. Nh4 Rxb3 38. Nf5 Bf8 39. Kg1 Ra2 40. Rh5 Rbxa3 41. Nd6 Rc3 42. Ne4 Re3 43. Re5 f6 44. Re6 Ree2 45. Re8 a4 46. f5 Rg2+ 47. Kf1 Rxh2 48. Kg1 Rag2+ 49. Kf1 Rb2 0-1

[Event "IECC CL3-2011.03 email"]
[Site "IECC email"]
[Date "2011.05.14"]
[Round "?"]
[White "Kawagoe, Toshiji"]
[Black "Parsa, Nader Hariri"]
[Result "1/2-1/2"]
[WhiteElo "1984"]
[BlackElo "1887"]
[PlyCount "100"]
[EventDate "2011.??.??"]
[EventType "tourn (corr)"]
[EventRounds "4"]
[SourceTitle "Telechess CBM 149"]
[Source "ChessBase"]
[SourceDate "2012.07.17"]
[SourceVersion "1"]
[SourceVersionDate "2012.07.17"]
[SourceQuality "1"]
[WhiteTeam "Japan"]
[BlackTeam "Iran"]
[WhiteTeamCountry "JPN"]
[BlackTeamCountry "IRI"]

1. e4 e5 2. Nf3 Nf6 3. Nxe5 d6 4. Nf3 Nxe4 5. Nc3 Nxc3 6. dxc3 Be7 7. Bf4 Nc6 8. Qd2 Be6 9. 0-0-0 Qd7 10. Kb1 h6 11. Nd4 Nxd4 12. cxd4 c6 13. Bd3 0-0-0 14. Rhe1 Rhe8 15. h3 g5 16. Bh2 f5 17. f4 Bf6 18. Qf2 Kb8 19. b3 Re7 20. Rf1 g4 21. hxg4 Rg7 22. gxf5 Bxf5 23. Bxf5 Qxf5 24. Rfe1 h5 25. Qf3 d5 26. Rd2 Rg4 27. Qc3 h4 28. Rde2 Rg7 29. a4 a6 30. Qc5 Ka8 31. Qb4 Qh5 32. Qd2 Qf5 33. a5 Ka7 34. Qc3 Rc8 35. Qb4 Rgg8 36. Ka2 Rg4 37. Ka3 Ka8 38. Re8 Rg8 39. Rxc8+ Qxc8 40. Re2 Qf5 41. Qd2 Bd8 42. Kb2 Qg4 43. Rf2 Qf5 44. b4 Bc7 45. Qe3 Bd6 46. c3 Ka7 47. Qf3 Bc7 48. Rd2 Bd6 49. Re2 Qh7 50. Qe3 Qh5 1/2-1/2

[Event "IECC CL3-2011.03 email"]
[Site "IECC email"]
[Date "2011.05.14"]
[Round "?"]
[White "Parsa, Nader Hariri"]
[Black "Malmstroem, Jan"]
[Result "1/2-1/2"]
[WhiteElo "1892"]
[BlackElo "1918"]
[PlyCount "79"]
[EventDate "2011.??.??"]
[EventType "tourn (corr)"]
[EventRounds "4"]
[SourceTitle "Telechess CBM 149"]
[Source "ChessBase"]
[SourceDate "2012.07.17"]
[SourceVersion "1"]
[SourceVersionDate "2012.07.17"]
[SourceQuality "1"]
[WhiteTeam "Iran"]
[BlackTeam "Sweden"]
[WhiteTeamCountry "IRI"]
[BlackTeamCountry "SWE"]

1. d4 Nf6 2. c4 g6 3. Nc3 d6 4. e4 Bg7 5. f3 0-0 6. Be3 e5 7. d5 Na6 8. g4 Qe7 9. h4 h5 10. g5 Nd7 11. a3 Nb6 12. Nh3 c6 13. b4 c5 14. Qb3 Bd7 15. Be2 Rab8 16. Kf2 f5 17. Kg2 f4 18. Bd2 Kh7 19. b5 Nc7 20. Nb1 Ra8 21. a4 Rfb8 22. a5 Nc8 23. Nc3 b6 24. a6 Qf8 25. Nf2 Ne7 26. Nd3 Re8 27. Bf1 Ng8 28. Kh2 Rad8 29. Bh3 Bxh3 30. Kxh3 Rd7 31. Kg2 Ne7 32. Rhg1 Qf7 33. Rgd1 Rdd8 34. Bc1 Rf8 35. Bb2 Qe8 36. Qc2 Rf7 37. Rd2 Qd7 38. Rf1 Rdf8 39. Ba3 Kh8 40. Bb2 1/2-1/2

[Event "IECC Swiss-536"]
[Site "IECC email"]
[Date "2010.02.26"]
[Round "?"]
[White "Parsa, Nader Hariri"]
[Black "Paluch, Andrzej"]
[Result "1-0"]
[WhiteElo "1793"]
[BlackElo "1553"]
[PlyCount "33"]
[EventDate "2010.??.??"]
[EventType "match (corr)"]
[SourceTitle "Corr 2013"]
[Source "ChessBase"]
[SourceDate "2012.11.12"]
[SourceVersion "1"]
[SourceVersionDate "2012.11.12"]
[SourceQuality "1"]
[WhiteTeam "Brazil"]
[BlackTeam "Spain"]
[WhiteTeamCountry "BRA"]
[BlackTeamCountry "ESP"]

1. d4 Nf6 2. c4 d6 3. Nc3 e5 4. Nf3 exd4 5. Nxd4 Nc6 6. Nxc6 bxc6 7. g3 Be7 8. Bg2 Bd7 9. 0-0 0-0 10. Qa4 d5 11. Rd1 Bc5 12. Qc2 d4 13. Na4 Qe7 14. Qd3 Bd6 15. c5 Bxc5 16. Nxc5 Qxc5 17. Qxd4 1-0

[Event "Swiss-535.4.01"]
[Site "IECC email"]
[Date "2009.12.13"]
[Round "?"]
[White "Parsa, Nader Hariri"]
[Black "Markus, Roland"]
[Result "1/2-1/2"]
[WhiteElo "1818"]
[BlackElo "2257"]
[PlyCount "136"]
[EventDate "2009.??.??"]
[EventType "tourn (corr)"]
[SourceTitle "Telechess CBM 149"]
[Source "ChessBase"]
[SourceDate "2012.07.17"]
[SourceVersion "1"]
[SourceVersionDate "2012.07.17"]
[SourceQuality "1"]
[WhiteTeam "Iran"]
[BlackTeam "Germany"]
[WhiteTeamCountry "IRI"]
[BlackTeamCountry "GER"]

1. d4 Nf6 2. c4 e6 3. Nf3 b6 4. g3 Bb7 5. Bg2 c5 6. Nc3 cxd4 7. Qxd4 Nc6 8. Qf4 Bc5 9. Be3 0-0 10. 0-0 Nh5 11. Qg5 Qxg5 12. Bxg5 h6 13. Bd2 Nf6 14. Ne1 Rac8 15. Nd3 Be7 16. b3 Rfd8 17. e4 d6 18. Rad1 Ba8 19. Bc1 a6 20. Bb2 Rb8 21. f4 b5 22. cxb5 axb5 23. f5 b4 24. Na4 e5 25. Rc1 Rdc8 26. Rfd1 Bd8 27. Nf2 Ne8 28. Rc4 Ne7 29. Rcc1 Bc6 30. Bf1 Ra8 31. Kg2 Ra5 32. Kh3 Bc7 33. Rd2 Bxa4 34. bxa4 Bb6 35. Rxc8 Nxc8 36. Rc2 Na7 37. Nd3 Rxa4 38. Rc4 Rxa2 39. Rxb4 Nc8 40. Be2 Nf6 41. Bf3 Ra7 42. g4 Rc7 43. Kg3 Ba5 44. Rb5 Bd2 45. h4 Nd7 46. Bd1 Bc3 47. Ba3 Nf6 48. Bf3 Rc4 49. Rb8 Kh7 50. Kg2 d5 51. Nc5 Bd4 52. g5 Bxc5 53. Rxc8 Bxa3 54. Rxc4 dxc4 55. gxf6 g6 56. Kf2 h5 57. Ke1 c3 58. Bd1 Kh6 59. fxg6 fxg6 60. Ke2 g5 61. Kd3 gxh4 62. Kxc3 h3 63. Kd3 Kg6 64. f7 Kxf7 65. Bxh5+ Kf6 66. Bg4 h2 67. Bf3 Kg5 68. Ke2 Kf4 1/2-1/2

[Event "IECC KO-3067"]
[Site "IECC email"]
[Date "2009.10.20"]
[Round "?"]
[White "Dufour, Michael"]
[Black "Parsa, Nader Hariri"]
[Result "1-0"]
[WhiteElo "2027"]
[BlackElo "1815"]
[PlyCount "117"]
[EventDate "2009.??.??"]
[EventType "match (corr)"]
[EventRounds "2"]
[SourceTitle "Telechess CBM 149"]
[Source "ChessBase"]
[SourceDate "2012.07.17"]
[SourceVersion "1"]
[SourceVersionDate "2012.07.17"]
[SourceQuality "1"]
[WhiteTeam "Canada"]
[BlackTeam "Iran"]
[WhiteTeamCountry "CAN"]
[BlackTeamCountry "IRI"]

1. e4 e5 2. Nf3 Nc6 3. Bb5 a6 4. Ba4 Nf6 5. 0-0 Be7 6. Re1 b5 7. Bb3 d6 8. c3 0-0 9. h3 Na5 10. Bc2 c5 11. d4 Qc7 12. Nbd2 cxd4 13. cxd4 Nc6 14. Nb3 a5 15. Be3 a4 16. Nbd2 Bd7 17. Rc1 Qb7 18. Qe2 Rfc8 19. Bd3 Rab8 20. a3 h6 21. Red1 exd4 22. Nxd4 Ne5 23. Rxc8+ Qxc8 24. Bb1 b4 25. f4 Ng6 26. Bd3 bxa3 27. bxa3 Qc3 28. Nb1 Qa5 29. Kh2 Nh5 30. Qf3 Nh4 31. Qf2 g5 32. Bd2 Qc5 33. Rc1 Qa7 34. fxg5 Bxg5 35. Rf1 Bf6 36. Be3 Qc7 37. Kg1 Ng6 38. Qf3 Ngf4 39. Ne2 Nxd3 40. Qxh5 Bg7 41. Qxf7+ Kh8 42. Qe7 Re8 43. Qh4 Qd8 44. Qh5 Re5 45. Qf3 Re6 46. Nd4 Ne5 47. Qe2 Rg6 48. Nf5 Qb8 49. Bd4 Qb3 50. Nc3 Kh7 51. Rb1 Qxa3 52. Kh1 Be6 53. Nd5 Rg5 54. Nxg7 Bxh3 55. Ne6 Bxe6 56. Rb7+ Kh8 57. Qf1 Rf5 58. exf5 Bxd5 59. Rb5 1-0

[Event "IECC KO-3067"]
[Site "IECC email"]
[Date "2009.10.20"]
[Round "?"]
[White "Parsa, Nader Hariri"]
[Black "Dufour, Michael"]
[Result "0-1"]
[WhiteElo "1808"]
[BlackElo "2034"]
[PlyCount "104"]
[EventDate "2009.??.??"]
[EventType "match (corr)"]
[EventRounds "2"]
[SourceTitle "Telechess CBM 149"]
[Source "ChessBase"]
[SourceDate "2012.07.17"]
[SourceVersion "1"]
[SourceVersionDate "2012.07.17"]
[SourceQuality "1"]
[WhiteTeam "Iran"]
[BlackTeam "Canada"]
[WhiteTeamCountry "IRI"]
[BlackTeamCountry "CAN"]

1. d4 Nf6 2. c4 e6 3. Nf3 b6 4. g3 Ba6 5. b3 Bb7 6. Bg2 Bb4+ 7. Bd2 c5 8. 0-0 0-0 9. Bxb4 cxb4 10. Qd3 d6 11. Nbd2 a5 12. Ne1 Bxg2 13. Kxg2 Nbd7 14. Nc2 Qe7 15. f4 h6 16. Rae1 e5 17. fxe5 dxe5 18. d5 Nc5 19. Qf3 e4 20. Qf5 Ne8 21. Nd4 Nd6 22. Qg4 Rae8 23. e3 Kh7 24. Nc6 Qc7 25. Ra1 f5 26. Qe2 Nd3 27. a3 bxa3 28. Rxa3 Nb7 29. Raa1 Nbc5 30. Kh1 g5 31. Rad1 Qg7 32. Nd4 Qg6 33. Rg1 Qf6 34. Rgf1 Qe5 35. Nc6 Qb2 36. Rb1 Qg7 37. b4 axb4 38. Nxb4 f4 39. exf4 gxf4 40. Nxd3 exd3 41. Qg2 Re2 42. Rf2 fxg3 43. Rxe2 dxe2 44. hxg3 Qg4 45. Re1 Re8 46. Qf3 Qxf3+ 47. Nxf3 Nd3 48. Rb1 Rf8 49. Kg2 Kg7 50. Ra1 Rxf3 51. Kxf3 e1Q 52. Rxe1 Nxe1+ 0-1

[Event "IECC Swiss-533"]
[Site "IECC email"]
[Date "2008.02.02"]
[Round "?"]
[White "Paluch, Andrzej"]
[Black "Parsa, Nader Hariri"]
[Result "0-1"]
[WhiteElo "1284"]
[BlackElo "1505"]
[PlyCount "56"]
[EventDate "2008.??.??"]
[EventType "match (corr)"]
[SourceTitle "Corr 2013"]
[Source "ChessBase"]
[SourceDate "2012.11.12"]
[SourceVersion "1"]
[SourceVersionDate "2012.11.12"]
[SourceQuality "1"]
[WhiteTeam "Germany"]
[BlackTeam "Wales"]
[WhiteTeamCountry "GER"]
[BlackTeamCountry "WLS"]

1. d4 Nf6 2. c4 e6 3. Nc3 d5 4. Bg5 Be7 5. e3 0-0 6. Rc1 h6 7. Bh4 b6 8. cxd5 exd5 9. Nf3 Bb7 10. Bd3 Nbd7 11. 0-0 Ne4 12. Bxe7 Qxe7 13. Qc2 c5 14. dxc5 bxc5 15. Rfd1 f5 16. Qb3 Ndf6 17. Bxe4 fxe4 18. Nh4 Qf7 19. Nf5 Rad8 20. h3 h5 21. Nb5 Ne8 22. Ng3 Nd6 23. Nxd6 Rxd6 24. Qc2 Rg6 25. Nxh5 Rxg2+ 26. Kxg2 Qxh5 27. Rg1 Rf3 28. Kf1 Qh4 0-1

[Event "IECC Swiss-513.3"]
[Site "IECC email"]
[Date "2007.07.29"]
[Round "?"]
[White "Bladyko, Pawel"]
[Black "Parsa, Nader Hariri"]
[Result "0-1"]
[WhiteElo "1717"]
[BlackElo "1436"]
[PlyCount "80"]
[EventDate "2007.??.??"]
[EventType "swiss (corr)"]
[EventRounds "1"]
[SourceTitle "Corr 2011"]
[Source "ChessBase"]
[SourceDate "2010.08.31"]
[SourceVersion "1"]
[SourceVersionDate "2010.08.31"]
[SourceQuality "1"]
[WhiteTeam "Czech Republic"]
[BlackTeam "US of America"]
[WhiteTeamCountry "CZE"]
[BlackTeamCountry "USA"]

1. e4 e5 2. Nf3 Nc6 3. Bb5 a6 4. Ba4 Nf6 5. 0-0 Nxe4 6. Re1 Nc5 7. Bxc6 dxc6 8. Nxe5 Be7 9. Nc3 Ne6 10. b3 0-0 11. Bb2 f6 12. Nc4 f5 13. d4 Bf6 14. Ne2 f4 15. f3 Qd5 16. Qd2 c5 17. Rad1 Bh4 18. Rf1 cxd4 19. Nxd4 Qh5 20. Nxe6 Bxe6 21. Ne5 Rf5 22. Ng4 Re8 23. c4 b5 24. cxb5 axb5 25. Qc3 Rg5 26. Rd4 Qg6 27. Rxf4 h5 28. Nh6+ Kh7 29. Rxh4 Rxg2+ 30. Kh1 Kxh6 31. Qe5 Bf5 32. Qf4+ Kh7 33. Be5 Bd3 34. Rc1 c5 35. Rh3 Rg5 36. Ba1 Re4 37. Qc7 Qe8 38. Bc3 Reg4 39. Rg3 Rxg3 40. hxg3 Qe6 0-1

[Event "IECC Swiss-513.2"]
[Site "IECC email"]
[Date "2007.01.03"]
[Round "?"]
[White "Parsa, Nader Hariri"]
[Black "Wozniak, Zbigniew"]
[Result "1-0"]
[WhiteElo "1317"]
[BlackElo "1850"]
[PlyCount "85"]
[EventDate "2007.??.??"]
[EventType "swiss (corr)"]
[EventRounds "1"]
[SourceTitle "Corr 2008"]
[Source "ChessBase"]
[SourceDate "2008.06.24"]
[SourceVersion "1"]
[SourceVersionDate "2008.06.24"]
[SourceQuality "1"]
[WhiteTeam "Iran"]
[BlackTeam "Poland"]
[WhiteTeamCountry "IRI"]
[BlackTeamCountry "POL"]

1. d4 d5 2. c4 c6 3. Nf3 Nf6 4. Nc3 e6 5. Bg5 dxc4 6. e4 b5 7. e5 h6 8. Bh4 g5 9. Nxg5 hxg5 10. Bxg5 Nbd7 11. g3 Bb7 12. Bg2 Qb6 13. exf6 0-0-0 14. 0-0 c5 15. d5 b4 16. Na4 Qa6 17. a3 Bxd5 18. Bxd5 Ne5 19. axb4 Rxd5 20. Qe2 cxb4 21. Nc3 Ra5 22. Rxa5 Qxa5 23. Ne4 Nd3 24. Be3 Qh5 25. f3 a5 26. b3 a4 27. bxc4 b3 28. c5 a3 29. Rd1 Qxh2+ 30. Qxh2 Rxh2 31. Kxh2 b2 32. Bd4 Bxc5 33. Nxc5 Nxc5 34. g4 Nd3 35. Bxb2 axb2 36. Rb1 e5 37. g5 Kd7 38. Kg3 Kd6 39. Kh4 Ke6 40. Kg4 Nf2+ 41. Kh5 e4 42. Rxb2 Nd3 43. Rb6+ 1-0